Flags of Former European countries - Statistics

General Stats
  • This quiz has been taken 883 times
  • The average score is 11 of 20
Answer Stats
Picture Hint Answer % Correct
(1949–1990) East Germany
90%
(1139–1910) Kingdom of Portugal
86%
(1701–1871) Kingdom of Prussia
85%
(843–1792, 1814/15–1848) Kingdom of France
84%
(843–1806) Holy Roman Empire
82%
(1641-1649) Irish Catholic Confederation
79%
(1755–1769) Corsican Republic
62%
(1832–1924, 1935–1941, 1944–1974) Kingdom of Greece
61%
(697–1797) Republic of Venice
58%
(395–1453) Byzantine Empire
56%
(1814) Kingdom of Norway
50%
(1992–1995) Republic of Bosnia and Herzegovina
46%
(1806–1871) Bavaria
45%
(1918–1921) Democratic Republic of Georgia
41%
(1920–1939) Free City of Danzig
35%
(1346–1859) Principality of Moldavia
35%
1397–1523 Kalmar Union
32%
(1946–1956) Saar Protectorate
27%
(c. 1427–1453/1861–1864) Circassia
18%
(1918–1920) Kuban People's Republic
9%
No matching quizzes found
Score Distribution
Percent of People with Each Score
Percentile by Number Answered
Your Score History
You have not taken this quiz